| 000 | 00511pab a2200193 454500 | ||
|---|---|---|---|
| 008 | 180718b2012 xxu||||| |||| 00| 0 eng d | ||
| 100 | _aSingh, Nayanika | ||
| 245 | _aTeaching children arts: Towards developing 21st century literacy skills in classrooms | ||
| 260 | _c2012 | ||
| 300 | _ap.139-150. | ||
| 362 | _aJun | ||
| 650 | _aClassrooms techniques | ||
| 650 | _aLiteracy methods | ||
| 650 | _aChildren | ||
| 650 | _aArt education | ||
| 773 | _aMan and Development | ||
| 908 | _aN | ||
| 909 | _a97442 | ||
| 999 |
_c97442 _d97442 |
||